{"text_format":"3","workbook":"xlsx","n_sheets":1,"sheets":["t91"],"read":"whole","date_system":"1900"}

{"sheet":"t91","index":0,"n_rows":204,"n_cols":7,"rows_kept":204,"merged":[[0,0,0,6],[30,0,30,5],[51,0,51,5],[163,0,163,5]]}
["TABELA 91.1 - Estatísticas Agrícolas, Município de Brotas, Estado de São Paulo, 2007/08."]
["ITEM","UNIDADE","N.DE UPAs","MÍNIMO","MÉDIO","MÁXIMO","TOTAL"]
["Distância à sede do município","km",738,0.5,{"v":15.94,"d":"15.9"},{"v":45,"d":"45.0"},"-"]
["Área total","hectare",738,0.1,140.7,{"v":6222.7,"d":"6,222.7"},{"v":103834.83,"d":"103,834.8"}]
["Área com cultura perene","hectare",161,0.1,{"v":110.54,"d":"110.5"},{"v":3342.5,"d":"3,342.5"},{"v":17796.6,"d":"17,796.6"}]
["Área com cultura temporária","hectare",372,0.1,{"v":66.85,"d":"66.9"},{"v":1270.7,"d":"1,270.7"},{"v":24868.8,"d":"24,868.8"}]
["Área com pastagem","hectare",538,0.1,{"v":50.67,"d":"50.7"},{"v":1281.8,"d":"1,281.8"},{"v":27262.1,"d":"27,262.1"}]
["Área com reflorestamento","hectare",164,0.1,{"v":98.67,"d":"98.7"},{"v":5345.7,"d":"5,345.7"},{"v":16182.2,"d":"16,182.2"}]
["Área com vegetação natural","hectare",562,0.1,{"v":22.28,"d":"22.3"},{"v":438,"d":"438.0"},{"v":12521.75,"d":"12,521.8"}]
["Área com vegetação de brejo e várzea","hectare",61,0.1,{"v":4.11,"d":"4.1"},{"v":110,"d":"110.0"},250.8]
["Área em descanso","hectare",30,0.3,4.6,{"v":50,"d":"50.0"},138.1]
["Área complementar","hectare",618,0.1,{"v":7.79,"d":"7.8"},{"v":439,"d":"439.0"},{"v":4814.48,"d":"4,814.5"}]
["Área das UPAs com (0, 1] ha","hectare",3,0.1,{"v":0.43,"d":"0.4"},{"v":1,"d":"1.0"},1.3]
["Área das UPAs com (1, 2] ha","hectare",5,1.2,{"v":1.68,"d":"1.7"},{"v":2,"d":"2.0"},8.4]
["Área das UPAs com (2, 5] ha","hectare",38,2.4,{"v":3.57,"d":"3.6"},4.9,135.6]
["Área das UPAs com (5, 10] ha","hectare",60,5.1,8.3,{"v":10,"d":"10.0"},497.7]
["Área das UPAs com (10, 20] ha","hectare",95,10.2,15.4,{"v":20,"d":"20.0"},{"v":1463.2,"d":"1,463.2"}]
["Área das UPAs com (20, 50] ha","hectare",206,20.5,{"v":32.76,"d":"32.8"},49.5,{"v":6748.3,"d":"6,748.3"}]
["Área das UPAs com (50, 100] ha","hectare",128,{"v":51,"d":"51.0"},{"v":73.16,"d":"73.2"},99.7,{"v":9364.8,"d":"9,364.8"}]
["Área das UPAs com (100, 200] ha","hectare",95,100.4,{"v":144.06,"d":"144.1"},199.2,{"v":13685.63,"d":"13,685.6"}]
["Área das UPAs com (200, 500] ha","hectare",72,203.2,{"v":320,"d":"320.0"},493.7,{"v":23040.1,"d":"23,040.1"}]
["Área das UPAs com (500, 1.000] ha","hectare",19,501.5,{"v":708.28,"d":"708.3"},990.8,{"v":13457.4,"d":"13,457.4"}]
["Área das UPAs com (1.000, 2.000] ha","hectare",11,{"v":1004,"d":"1,004.0"},{"v":1380.51,"d":"1,380.5"},{"v":1778,"d":"1,778.0"},{"v":15185.6,"d":"15,185.6"}]
["Área das UPAs com (2.000, 5.000] ha","hectare",5,{"v":2181.6,"d":"2,181.6"},{"v":2804.82,"d":"2,804.8"},{"v":3863.5,"d":"3,863.5"},{"v":14024.1,"d":"14,024.1"}]
["Área das UPAs com (5.000, 10.000] ha","hectare",1,{"v":6222.7,"d":"6,222.7"},{"v":6222.7,"d":"6,222.7"},{"v":6222.7,"d":"6,222.7"},{"v":6222.7,"d":"6,222.7"}]
["Área das UPAs acima de 10.000 ha","hectare","-","-","-","-","-"]
["Familiares do proprietário que trabalham na UPA","unidade",456,{"v":1,"d":"1.0"},{"v":1.57,"d":"1.6"},{"v":10,"d":"10.0"},{"v":717,"d":"717.0"}]
["Trabalhadores permanentes","unidade",330,{"v":1,"d":"1.0"},{"v":8.95,"d":"9.0"},{"v":1950,"d":"1,950.0"},{"v":2955,"d":"2,955.0"}]
["Fonte: Secretaria de Agricultura e Abastecimento, CDRS/IEA, Projeto LUPA."]
[]
["TABELA 91.2 - Explorações Animais, Município de Brotas, Estado de São Paulo, 2007/08."]
["ITEM","UNIDADE","N.DE UPAs","MÍNIMO","MÉDIO","MÁXIMO","TOTAL"]
["Apicultura","colmeias",9,{"v":1,"d":"1.0"},{"v":97.67,"d":"97.7"},{"v":400,"d":"400.0"},{"v":879,"d":"879.0"}]
["Asininos E Muares","cabeças",90,{"v":1,"d":"1.0"},{"v":2.03,"d":"2.0"},{"v":20,"d":"20.0"},{"v":183,"d":"183.0"}]
["Avicultura de Corte","cabeças/ano",36,{"v":12000,"d":"12,000.0"},{"v":126847.22,"d":"126,847.2"},{"v":780000,"d":"780,000.0"},{"v":4566500,"d":"4,566,500.0"}]
["Avicultura Ornamental/Decorativa/Exótica","cabeças",11,{"v":5,"d":"5.0"},{"v":43.91,"d":"43.9"},{"v":200,"d":"200.0"},{"v":483,"d":"483.0"}]
["Avicultura para Ovos","cabeças",4,{"v":280,"d":"280.0"},{"v":59320,"d":"59,320.0"},{"v":120000,"d":"120,000.0"},{"v":237280,"d":"237,280.0"}]
["Bovinocultura de Corte","cabeças",150,{"v":5,"d":"5.0"},{"v":127.31,"d":"127.3"},{"v":1300,"d":"1,300.0"},{"v":19097,"d":"19,097.0"}]
["Bovinocultura Leiteira","cabeças",27,{"v":3,"d":"3.0"},64.7,{"v":741,"d":"741.0"},{"v":1747,"d":"1,747.0"}]
["Bovinocultura Mista","cabeças",263,{"v":1,"d":"1.0"},{"v":54.46,"d":"54.5"},{"v":1600,"d":"1,600.0"},{"v":14323,"d":"14,323.0"}]
["Caprinocultura","cabeças",3,{"v":1,"d":"1.0"},{"v":11.33,"d":"11.3"},{"v":25,"d":"25.0"},{"v":34,"d":"34.0"}]
["Equinocultura","cabeças",264,{"v":1,"d":"1.0"},{"v":6.62,"d":"6.6"},{"v":296,"d":"296.0"},{"v":1748,"d":"1,748.0"}]
["Helicicultura","viveiros",2,{"v":2,"d":"2.0"},{"v":2,"d":"2.0"},{"v":2,"d":"2.0"},{"v":4,"d":"4.0"}]
["Minhocultura","canteiros",2,{"v":10,"d":"10.0"},{"v":10,"d":"10.0"},{"v":10,"d":"10.0"},{"v":20,"d":"20.0"}]
["Ovinocultura","cabeças",35,{"v":1,"d":"1.0"},{"v":42.89,"d":"42.9"},{"v":200,"d":"200.0"},{"v":1501,"d":"1,501.0"}]
["Piscicultura","m² tanques",7,{"v":500,"d":"500.0"},{"v":3800,"d":"3,800.0"},{"v":10000,"d":"10,000.0"},{"v":26600,"d":"26,600.0"}]
["Ranicultura","girinos/ano",3,{"v":10000,"d":"10,000.0"},{"v":20333.33,"d":"20,333.3"},{"v":40000,"d":"40,000.0"},{"v":61000,"d":"61,000.0"}]
["Sericicultura","gramas larvas/ano",2,{"v":132,"d":"132.0"},249.5,{"v":367,"d":"367.0"},{"v":499,"d":"499.0"}]
["Suinocultura","cabeças",68,{"v":1,"d":"1.0"},{"v":14.15,"d":"14.2"},{"v":80,"d":"80.0"},{"v":962,"d":"962.0"}]
["Fonte: Secretaria de Agricultura e Abastecimento, CDRS/IEA, Projeto LUPA."]
[]
["TABELA 91.3 -  Máquinas, Implementos e Benfeitorias, Município de Brotas, Estado de São Paulo, 2007/08."]
["ITEM","UNIDADE","N.DE UPAs","MÍNIMO","MÉDIO","MÁXIMO","TOTAL"]
["Arado Comum (Bacia, Aiveca)","Unidade",113,{"v":1,"d":"1.0"},{"v":1.28,"d":"1.3"},{"v":5,"d":"5.0"},{"v":145,"d":"145.0"}]
["Arado Escarificador","Unidade",82,{"v":1,"d":"1.0"},{"v":1.09,"d":"1.1"},{"v":3,"d":"3.0"},{"v":89,"d":"89.0"}]
["Arado Subsolador","Unidade",25,{"v":1,"d":"1.0"},1.2,{"v":4,"d":"4.0"},{"v":30,"d":"30.0"}]
["Batedeira de Cereais","Unidade",15,{"v":1,"d":"1.0"},{"v":1,"d":"1.0"},{"v":1,"d":"1.0"},{"v":15,"d":"15.0"}]
["Câmara Fria","Unidade",2,{"v":1,"d":"1.0"},{"v":8,"d":"8.0"},{"v":15,"d":"15.0"},{"v":16,"d":"16.0"}]
["Carregadeira de Cana","Unidade",7,{"v":1,"d":"1.0"},{"v":3,"d":"3.0"},{"v":12,"d":"12.0"},{"v":21,"d":"21.0"}]
["Colhedeira Acoplada","Unidade",13,{"v":1,"d":"1.0"},{"v":1.15,"d":"1.2"},{"v":2,"d":"2.0"},{"v":15,"d":"15.0"}]
["Colhedeira Automotriz","Unidade",2,{"v":1,"d":"1.0"},2.5,{"v":4,"d":"4.0"},{"v":5,"d":"5.0"}]
["Conj.Irrigação Autopropelido","Unidade",2,{"v":1,"d":"1.0"},{"v":1,"d":"1.0"},{"v":1,"d":"1.0"},{"v":2,"d":"2.0"}]
["Conj.Irrigação Convencional","Unidade",14,{"v":1,"d":"1.0"},{"v":2.07,"d":"2.1"},{"v":10,"d":"10.0"},{"v":29,"d":"29.0"}]
["Conj.Irrigação Pivot Central","Unidade",1,{"v":1,"d":"1.0"},{"v":1,"d":"1.0"},{"v":1,"d":"1.0"},{"v":1,"d":"1.0"}]
["Conj.Irrigação/Gotejamento/Microaspersão","Unidade",4,{"v":1,"d":"1.0"},{"v":6.75,"d":"6.8"},{"v":20,"d":"20.0"},{"v":27,"d":"27.0"}]
["Conjunto de Fenação","Unidade",7,{"v":1,"d":"1.0"},{"v":1.14,"d":"1.1"},{"v":2,"d":"2.0"},{"v":8,"d":"8.0"}]
["Desintegrador de Palha (Plantio Direto)","Unidade",1,{"v":1,"d":"1.0"},{"v":1,"d":"1.0"},{"v":1,"d":"1.0"},{"v":1,"d":"1.0"}]
["Desintegrador, Picador, Triturador","Unidade",221,{"v":1,"d":"1.0"},{"v":1.29,"d":"1.3"},{"v":5,"d":"5.0"},{"v":285,"d":"285.0"}]
["Distribuidor de Calcário","Unidade",52,{"v":1,"d":"1.0"},{"v":1.35,"d":"1.4"},{"v":6,"d":"6.0"},{"v":70,"d":"70.0"}]
["Ensiladeira","Unidade",59,{"v":1,"d":"1.0"},{"v":1.22,"d":"1.2"},{"v":3,"d":"3.0"},{"v":72,"d":"72.0"}]
["Grade Aradora (Tipo Romi)","Unidade",37,{"v":1,"d":"1.0"},{"v":1.49,"d":"1.5"},{"v":11,"d":"11.0"},{"v":55,"d":"55.0"}]
["Grade Niveladora","Unidade",112,{"v":1,"d":"1.0"},{"v":1.25,"d":"1.3"},{"v":4,"d":"4.0"},{"v":140,"d":"140.0"}]
["Implementos para Tração Animal","Unidade",42,{"v":1,"d":"1.0"},{"v":2.55,"d":"2.6"},{"v":7,"d":"7.0"},{"v":107,"d":"107.0"}]
["Microtrator","Unidade",10,{"v":1,"d":"1.0"},1.1,{"v":2,"d":"2.0"},{"v":11,"d":"11.0"}]
["Misturador de Ração","Unidade",26,{"v":1,"d":"1.0"},{"v":1.04,"d":"1.0"},{"v":2,"d":"2.0"},{"v":27,"d":"27.0"}]
["Ordenhadeira Mecânica","Unidade",41,{"v":1,"d":"1.0"},{"v":1.05,"d":"1.1"},{"v":3,"d":"3.0"},{"v":43,"d":"43.0"}]
["Pulverizador Tratorizado","Unidade",85,{"v":1,"d":"1.0"},{"v":2.02,"d":"2.0"},{"v":16,"d":"16.0"},{"v":172,"d":"172.0"}]
["Resfriador de Leite, Tanque Expansão","Unidade",31,{"v":1,"d":"1.0"},{"v":1.16,"d":"1.2"},{"v":4,"d":"4.0"},{"v":36,"d":"36.0"}]
["Semeadeira/Adubadeira para Plantio Convencional","Unidade",45,{"v":1,"d":"1.0"},{"v":1.07,"d":"1.1"},{"v":3,"d":"3.0"},{"v":48,"d":"48.0"}]
["Semeadeira/Plantadeira Plantio Direto","Unidade",38,{"v":1,"d":"1.0"},{"v":1.08,"d":"1.1"},{"v":3,"d":"3.0"},{"v":41,"d":"41.0"}]
["Terraceador","Unidade",8,{"v":1,"d":"1.0"},{"v":1.25,"d":"1.3"},{"v":2,"d":"2.0"},{"v":10,"d":"10.0"}]
["Trator de Esteiras","Unidade",9,{"v":1,"d":"1.0"},{"v":1.11,"d":"1.1"},{"v":2,"d":"2.0"},{"v":10,"d":"10.0"}]
["Trator de Pneus","Unidade",252,{"v":1,"d":"1.0"},{"v":2.32,"d":"2.3"},{"v":51,"d":"51.0"},{"v":585,"d":"585.0"}]
["Açude/Represa","Unidade",268,{"v":1,"d":"1.0"},{"v":1.97,"d":"2.0"},{"v":20,"d":"20.0"},{"v":529,"d":"529.0"}]
["Alambique","Unidade",1,{"v":1,"d":"1.0"},{"v":1,"d":"1.0"},{"v":1,"d":"1.0"},{"v":1,"d":"1.0"}]
["Almoxarifado/Oficina","Unidade",62,{"v":1,"d":"1.0"},{"v":1.31,"d":"1.3"},{"v":4,"d":"4.0"},{"v":81,"d":"81.0"}]
["Armazém para Grãos Ensacados","Sacas",23,{"v":1,"d":"1.0"},{"v":870.43,"d":"870.4"},{"v":10000,"d":"10,000.0"},{"v":20020,"d":"20,020.0"}]
["Balança para Bovinos","Unidade",18,{"v":1,"d":"1.0"},{"v":1.06,"d":"1.1"},{"v":2,"d":"2.0"},{"v":19,"d":"19.0"}]
["Balança para Veículos","Unidade",9,{"v":1,"d":"1.0"},{"v":1.11,"d":"1.1"},{"v":2,"d":"2.0"},{"v":10,"d":"10.0"}]
["Barracão para Bicho da Seda/Sirgaria","Unidade",8,{"v":1,"d":"1.0"},{"v":1.13,"d":"1.1"},{"v":2,"d":"2.0"},{"v":9,"d":"9.0"}]
["Barracão para Granja/Avicultura","Unidade",42,{"v":1,"d":"1.0"},{"v":3.33,"d":"3.3"},{"v":32,"d":"32.0"},{"v":140,"d":"140.0"}]
["Barracão/Galpão/Garagem","Unidade",247,{"v":1,"d":"1.0"},{"v":1.22,"d":"1.2"},{"v":6,"d":"6.0"},{"v":302,"d":"302.0"}]
["Biodigestor","Unidade",2,{"v":1,"d":"1.0"},{"v":1,"d":"1.0"},{"v":1,"d":"1.0"},{"v":2,"d":"2.0"}]
["Casa de Moradia Habitada","Unidade",386,{"v":1,"d":"1.0"},{"v":2.17,"d":"2.2"},{"v":28,"d":"28.0"},{"v":837,"d":"837.0"}]
["Casa de Moradia Total","Unidade",453,{"v":1,"d":"1.0"},{"v":2.78,"d":"2.8"},{"v":41,"d":"41.0"},{"v":1258,"d":"1,258.0"}]
["Curral/Mangueira","Unidade",368,{"v":1,"d":"1.0"},{"v":1.09,"d":"1.1"},{"v":12,"d":"12.0"},{"v":402,"d":"402.0"}]
["Depósito/Tulha","Unidade",201,{"v":1,"d":"1.0"},{"v":1.17,"d":"1.2"},{"v":4,"d":"4.0"},{"v":236,"d":"236.0"}]
["Engenho","Unidade",4,{"v":1,"d":"1.0"},{"v":1,"d":"1.0"},{"v":1,"d":"1.0"},{"v":4,"d":"4.0"}]
["Estábulo","Unidade",152,{"v":1,"d":"1.0"},{"v":1.08,"d":"1.1"},{"v":4,"d":"4.0"},{"v":164,"d":"164.0"}]
["Estufa/Plasticultura","m²",7,{"v":1,"d":"1.0"},{"v":1670.29,"d":"1,670.3"},{"v":6120,"d":"6,120.0"},{"v":11692,"d":"11,692.0"}]
["Fábrica de Ração","Unidade",18,{"v":1,"d":"1.0"},{"v":1,"d":"1.0"},{"v":1,"d":"1.0"},{"v":18,"d":"18.0"}]
["Instalações para Equinos","Unidade",43,{"v":1,"d":"1.0"},{"v":4.93,"d":"4.9"},{"v":24,"d":"24.0"},{"v":212,"d":"212.0"}]
["Máquina de Benefício","Unidade",11,{"v":1,"d":"1.0"},{"v":1.09,"d":"1.1"},{"v":2,"d":"2.0"},{"v":12,"d":"12.0"}]
["Packing House","Unidade",2,{"v":1,"d":"1.0"},{"v":1,"d":"1.0"},{"v":1,"d":"1.0"},{"v":2,"d":"2.0"}]
["Pocilga","Unidade",68,{"v":1,"d":"1.0"},{"v":1.25,"d":"1.3"},{"v":14,"d":"14.0"},{"v":85,"d":"85.0"}]
["Poço Semi-Artesiano","Unidade",51,{"v":1,"d":"1.0"},{"v":1.14,"d":"1.1"},{"v":3,"d":"3.0"},{"v":58,"d":"58.0"}]
["Posto Meteorológico","Unidade",4,{"v":1,"d":"1.0"},{"v":1,"d":"1.0"},{"v":1,"d":"1.0"},{"v":4,"d":"4.0"}]
["Secador de Grãos","Unidade",4,{"v":1,"d":"1.0"},{"v":1.25,"d":"1.3"},{"v":2,"d":"2.0"},{"v":5,"d":"5.0"}]
["Silo para Grãos","t",10,{"v":1,"d":"1.0"},106.7,{"v":660,"d":"660.0"},{"v":1067,"d":"1,067.0"}]
["Silo para Silagem","t",30,{"v":1,"d":"1.0"},{"v":154.97,"d":"155.0"},{"v":600,"d":"600.0"},{"v":4649,"d":"4,649.0"}]
["Terreiro","m²",56,{"v":1,"d":"1.0"},{"v":307.68,"d":"307.7"},{"v":2500,"d":"2,500.0"},{"v":17230,"d":"17,230.0"}]
["Usina de Açúcar/destilaria","Unidade",1,{"v":1,"d":"1.0"},{"v":1,"d":"1.0"},{"v":1,"d":"1.0"},{"v":1,"d":"1.0"}]
["Fonte: Secretaria de Agricultura e Abastecimento, CDRS/IEA, Projeto LUPA."]
[]
["TABELA 91.4 - Outras Estatísticas Agrícolas, Município de Brotas, Estado de São Paulo, 2007/08."]
["ITEM","Número de UPAs",null,"Percentual"]
["Faz Parte de Associação de Produtores",91,null,{"v":12.330623306233063,"d":"12.3"}]
["Faz Parte de Cooperativa de Produtores",137,null,{"v":18.563685636856366,"d":"18.6"}]
["Faz Parte do Sindicato de Produtores",357,null,{"v":48.3739837398374,"d":"48.4"}]
["Não utiliza assistência técnica ",314,null,{"v":42.547425474254744,"d":"42.5"}]
["Utiliza somente assistência técnica governamental ",113,null,{"v":15.311653116531165,"d":"15.3"}]
["Utiliza somente assistência técnica privada ",203,null,{"v":27.506775067750677,"d":"27.5"}]
["Utiliza assistência técnica tanto governamental quanto privada",108,null,{"v":14.634146341463415,"d":"14.6"}]
["Utiliza Crédito Rural",95,null,{"v":12.872628726287264,"d":"12.9"}]
["Utiliza Seguro Rural",5,null,{"v":0.6775067750677507,"d":"0.7"}]
["Utiliza Escrituração Agrícola",207,null,{"v":28.04878048780488,"d":"28.0"}]
["Acessa Internet p/ Fins na Agropecuária",69,null,{"v":9.34959349593496,"d":"9.3"}]
["Utiliza Computador nas Atividades Agropecuárias",99,null,{"v":13.414634146341465,"d":"13.4"}]
["Utiliza Energia Elétrica Para Uso na Atividade Agrícola",540,null,{"v":73.17073170731707,"d":"73.2"}]
["Realiza Análise de Solo, quando necessário",255,null,{"v":34.552845528455286,"d":"34.6"}]
["Utiliza Práticas de Conservação de Solo, quando necessário",538,null,{"v":72.89972899728997,"d":"72.9"}]
["Faz Adubação Mineral, quando necessário",382,null,{"v":51.76151761517615,"d":"51.8"}]
["Faz Adubação Orgânica, quando necessário",154,null,{"v":20.867208672086722,"d":"20.9"}]
["Faz Adubação Verde, quando necessário",14,null,{"v":1.897018970189702,"d":"1.9"}]
["Utiliza Manejo Integrado de Pragas (MIP)","-",null,"-"]
["Utiliza Hidroponia","-",null,"-"]
["Utiliza Plasticultura",5,null,{"v":0.6775067750677507,"d":"0.7"}]
["Utiliza Mudas Fiscalizadas",128,null,{"v":17.344173441734416,"d":"17.3"}]
["Utiliza Semente Melhorada",174,null,{"v":23.577235772357724,"d":"23.6"}]
["Faz Confinamento de Bovinos",8,null,{"v":1.084010840108401,"d":"1.1"}]
["Utiliza Pastejo Intensivo",124,null,{"v":16.802168021680217,"d":"16.8"}]
["Faz Inseminação Artificial",22,null,{"v":2.981029810298103,"d":"3.0"}]
["Faz Mineralização do Rebanho",401,null,{"v":54.3360433604336,"d":"54.3"}]
["Faz Vermifugação do Rebanho",398,null,{"v":53.929539295392956,"d":"53.9"}]
["Possui Parceiros /Arrendatários na Exploração Animal",136,null,{"v":18.428184281842817,"d":"18.4"}]
["Esporte e lazer",6,null,{"v":0.8130081300813008,"d":"0.8"}]
["Extração mineral",2,null,{"v":0.27100271002710025,"d":"0.3"}]
["Hotel Fazenda, Pousada ou SPA",4,null,{"v":0.5420054200542005,"d":"0.5"}]
["Pesque-pague",2,null,{"v":0.27100271002710025,"d":"0.3"}]
["Restaurante ou Lanchonete",5,null,{"v":0.6775067750677507,"d":"0.7"}]
["Transformação artesanal",3,null,{"v":0.4065040650406504,"d":"0.4"}]
["Turismo rural ou ecoturismo",9,null,{"v":1.2195121951219512,"d":"1.2"}]
["Outras atividades econômicas rurais",1,null,{"v":0.13550135501355012,"d":"0.1"}]
["Agroindústria","-",null,"-"]
["Proprietário sem instrução ou com instrução incompleta",40,null,{"v":5.420054200542005,"d":"5.4"}]
["Proprietário com antigo primário completo",251,null,{"v":34.010840108401084,"d":"34.0"}]
["Proprietário com 1° grau (ou antigo ginasial) completo",80,null,{"v":10.84010840108401,"d":"10.8"}]
["Proprietário com 2° grau (ou antigo colegial) completo",91,null,{"v":12.330623306233063,"d":"12.3"}]
["Proprietário com curso superior completo ",245,null,{"v":33.19783197831978,"d":"33.2"}]
["Pessoa Jurídica",31,null,{"v":4.200542005420055,"d":"4.2"}]
["Proprietário residente na própria UPA ",103,null,{"v":13.956639566395662,"d":"14.0"}]
["Fonte: Secretaria de Agricultura e Abastecimento, CDRS/IEA, Projeto LUPA."]
[]
["TABELA 91.5 - Área Cultivada, Município de Brotas, Estado de São Paulo, 2007/08."]
["CULTURA","N.DE UPAs","MÍNIMO","MÉDIO","MÁXIMO","TOTAL"]
["Braquiaria",491,0.4,{"v":52.13,"d":"52.1"},{"v":1281.8,"d":"1,281.8"},{"v":25596.9,"d":"25,596.9"}]
["Cana-de-acucar",353,0.1,{"v":68.02,"d":"68.0"},{"v":1270.7,"d":"1,270.7"},{"v":24010.3,"d":"24,010.3"}]
["Laranja",115,0.5,{"v":147.48,"d":"147.5"},{"v":3342.5,"d":"3,342.5"},{"v":16959.9,"d":"16,959.9"}]
["Eucalipto",164,0.1,{"v":98.67,"d":"98.7"},{"v":5345.7,"d":"5,345.7"},{"v":16182.2,"d":"16,182.2"}]
["Gramas",52,0.1,{"v":21.94,"d":"21.9"},{"v":250,"d":"250.0"},{"v":1140.7,"d":"1,140.7"}]
["Milho",75,0.1,{"v":8.81,"d":"8.8"},50.2,660.4]
["Cafe",38,0.1,{"v":7.76,"d":"7.8"},{"v":95,"d":"95.0"},{"v":295,"d":"295.0"}]
["Tangerina",15,0.5,{"v":17.78,"d":"17.8"},76.9,266.7]
["Outras gramineas para pastagem",11,1.2,{"v":18.64,"d":"18.6"},{"v":147,"d":"147.0"},{"v":205,"d":"205.0"}]
["Mandioca",4,{"v":2,"d":"2.0"},{"v":34.43,"d":"34.4"},83.7,137.7]
["Capim-napier (ou capim-elefante)",21,0.5,{"v":5.68,"d":"5.7"},36.3,119.2]
["Outras leguminosas para pastagem",3,24.1,{"v":28.33,"d":"28.3"},32.4,{"v":85,"d":"85.0"}]
["Pessego",1,65.8,65.8,65.8,65.8]
["Banana",1,{"v":58,"d":"58.0"},{"v":58,"d":"58.0"},{"v":58,"d":"58.0"},{"v":58,"d":"58.0"}]
["Sorgo-forrageiro",1,48.3,48.3,48.3,48.3]
["Milho-silagem",3,4.8,{"v":13.27,"d":"13.3"},{"v":25,"d":"25.0"},39.8]
["Capim-jaragua",2,{"v":12,"d":"12.0"},{"v":17,"d":"17.0"},{"v":22,"d":"22.0"},{"v":34,"d":"34.0"}]
["Coloniao",1,{"v":25,"d":"25.0"},{"v":25,"d":"25.0"},{"v":25,"d":"25.0"},{"v":25,"d":"25.0"}]
["Limao",4,0.4,{"v":6,"d":"6.0"},{"v":15,"d":"15.0"},{"v":24,"d":"24.0"}]
["Tangor",3,{"v":5,"d":"5.0"},{"v":7.83,"d":"7.8"},{"v":10,"d":"10.0"},23.5]
["Manga",1,{"v":20,"d":"20.0"},{"v":20,"d":"20.0"},{"v":20,"d":"20.0"},{"v":20,"d":"20.0"}]
["Goiaba",3,{"v":4,"d":"4.0"},{"v":6.67,"d":"6.7"},{"v":11,"d":"11.0"},{"v":20,"d":"20.0"}]
["Sorgo",1,{"v":19,"d":"19.0"},{"v":19,"d":"19.0"},{"v":19,"d":"19.0"},{"v":19,"d":"19.0"}]
["Ameixa",1,18.5,18.5,18.5,18.5]
["Macadamia (ou noz-macadamia)",2,{"v":6,"d":"6.0"},{"v":7.05,"d":"7.1"},8.1,14.1]
["Abacate",1,{"v":10,"d":"10.0"},{"v":10,"d":"10.0"},{"v":10,"d":"10.0"},{"v":10,"d":"10.0"}]
["Nectarina",1,8.8,8.8,8.8,8.8]
["Amora (ou amora-branca)",3,1.5,2.7,3.6,8.1]
["Alfafa",1,{"v":8,"d":"8.0"},{"v":8,"d":"8.0"},{"v":8,"d":"8.0"},{"v":8,"d":"8.0"}]
["Colza",1,4.8,4.8,4.8,4.8]
["Pomar domestico",6,0.1,{"v":0.33,"d":"0.3"},0.5,{"v":2,"d":"2.0"}]
["Horta domestica",2,0.5,{"v":0.75,"d":"0.8"},{"v":1,"d":"1.0"},1.5]
["Acerola (ou cereja-das-antilhas)",1,1.2,1.2,1.2,1.2]
["Bambu",1,{"v":1,"d":"1.0"},{"v":1,"d":"1.0"},{"v":1,"d":"1.0"},{"v":1,"d":"1.0"}]
["Arroz",1,{"v":1,"d":"1.0"},{"v":1,"d":"1.0"},{"v":1,"d":"1.0"},{"v":1,"d":"1.0"}]
["Feijao",1,0.5,0.5,0.5,0.5]
["Brocolos (ou brocolis)",1,0.5,0.5,0.5,0.5]
["Palmito",1,0.1,0.1,0.1,0.1]
["Fonte: Secretaria de Agricultura e Abastecimento, CDRS/IEA, Projeto LUPA."]